INCONTRI BENAVENTURIANI. LA TEOLOGIA SPIRITUALE IN S. BONAVENTURA. N. VI. 1970. (Record n. 320850)

Dettagli MARC
000 -LEADER
fixed length control field 01315nas a2200277Ia 4500
001 - CONTROL NUMBER
control field R240-R2751
003 - CONTROL NUMBER IDENTIFIER
control field IT-CnALBA
008 - FIXED-LENGTH DATA ELEMENTS--GENERAL INFORMATION
fixed length control field 170116c99999999xx |||||||||||| ||und||
040 ## - CATALOGING SOURCE
Original cataloging agency IT-CnALBA
Transcribing agency IT-CnALBA
041 ## - LANGUAGE CODE
Language code of text/sound track or separate title ITALIANO
999 ## - SYSTEM CONTROL NUMBERS (KOHA)
Koha Dewey Subclass [OBSOLETE] NO
100 ## - MAIN ENTRY--PERSONAL NAME
Personal name BONAVENTURA DA BAGNOREGIO, SANTO
210 ## - ABBREVIATED TITLE
Abbreviated title INCONTRI BENAVENTURIANI
222 ## - KEY TITLE
Key title INCONTRI BENAVENTURIANI
245 #0 - TITLE STATEMENT
Title INCONTRI BENAVENTURIANI. LA TEOLOGIA SPIRITUALE IN S. BONAVENTURA. N. VI. 1970.
250 ## - EDITION STATEMENT
Edition statement 1a ed.
260 ## - PUBLICATION, DISTRIBUTION, ETC. (IMPRINT)
Place of publication, distribution, etc. ASSISI (PG)
Name of publisher, distributor, etc. PORZIUNCOLA EDIZIONI
Date of publication, distribution, etc. 1970
300 ## - PHYSICAL DESCRIPTION
Extent 157 p.
310 ## - CURRENT PUBLICATION FREQUENCY
Current publication frequency VARIA
362 ## - DATES OF PUBLICATION AND/OR SEQUENTIAL DESIGNATION
Dates of publication and/or sequential designation (1970)
500 ## - GENERAL NOTE
General note ATTI DEL X INCONTRO AL CENACOLO BONAVENTURIANO. MONTECALVO IRPINO 1969. S. FRANCESCO ESEMPLARE DI S. BONAVENTURA. ITINERARIO DELLA MENTE IN DIO. ORAZIONE E CONTEMPLAZIONE. CRISTOCENTRISMO MISTICO. BLASUCCI A. BOUGEROL G. VEUTHEY L. LARRAGNAGA T.
501 ## - WITH NOTE
With note Società San Paolo EM - Piazza San Paolo, 14 - 12051 ALBA (CN) (non commercial uses only) ® Copyright 2017
520 ## - SUMMARY, ETC.
Summary, etc. ATTI DEL X INCONTRO AL CENACOLO BONAVENTURIANO. MONTECALVO IRPINO 1969. S. FRANCESCO ESEMPLARE DI S. BONAVENTURA. ITINERARIO DELLA MENTE IN DIO. ORAZIONE E CONTEMPLAZIONE. CRISTOCENTRISMO MISTICO. BLASUCCI A. BOUGEROL G. VEUTHEY L. LARRAGNAGA T.
650 ## - SUBJECT ADDED ENTRY--TOPICAL TERM
Topical term or geographic name as entry element TEOLOGIA SPIRITUALE
942 ## - ADDED ENTRY ELEMENTS (KOHA)
Koha item type RIVISTA
957 ## -
-- 1
999 ## - SYSTEM CONTROL NUMBERS (KOHA)
-- 1
Dati di copia
Withdrawn status Lost status Damaged status Not for loan Home library Current library Date acquired Total Checkouts Full call number Date last seen Price effective from Koha item type Public note
    Buone Condizioni Not For Loan ALBA - Biblioteca ALBA - Biblioteca 16/01/2017   R240-R2751 16/01/2017 16/01/2017 RIVISTA (data import: 16 gennaio 2017) - By Epidotti, Vaglietti.
CREDITS: SOCIETA' SAN PAOLO Via A.Severo, 58 - ROMA (RM) & PERIODICI SAN PAOLO SRL Via Giotto, 36 MILANO & CISF Via Giotto, 36 MILANO & EDIZIONI SAN PAOLO SRL,  Piazza Soncino, 5 CINISELLO BALSAMO (MI) -- ITALY